Three Thousand Stitches: Ordinary People Extraordinary Lives (Record no. 369704)

MARC details
000 -LEADER
fixed length control field 00479nam a2200169 4500
005 - DATE AND TIME OF LATEST TRANSACTION
control field 20260106165456.0
008 - FIXED-LENGTH DATA ELEMENTS--GENERAL INFORMATION
fixed length control field 260106b |||||||| |||| 00| 0 eng d
020 ## - INTERNATIONAL STANDARD BOOK NUMBER
International Standard Book Number 978-0-143-44005-5
041 ## - LANGUAGE CODE
Language code of text/sound track or separate title English
082 ## - DEWEY DECIMAL CLASSIFICATION NUMBER
Classification number X 823 MUR
Item number B12123
100 ## - MAIN ENTRY--PERSONAL NAME
Author Murty, Sudha
245 ## - TITLE STATEMENT
Title Three Thousand Stitches: Ordinary People Extraordinary Lives
260 ## - PUBLICATION, DISTRIBUTION, ETC.
Place of publication, distribution, etc. Haryana
Name of publisher, distributor, etc. Penguin Random House
Date of publication, distribution, etc. 2017
300 ## - PHYSICAL DESCRIPTION
Extent x,179p
Other physical details pb
365 ## - TRADE PRICE
Price type code Rupaye
Price amount 184.44
Currency code INR
942 ## - ADDED ENTRY ELEMENTS (KOHA)
Koha item type Books
Holdings
Withdrawn status Lost status Source of classification or shelving scheme Damaged status Not for loan Collection code Home library Current library Date acquired Vendor Net Price Bill number Total Checkouts Full call number Barcode Date last seen Date last checked out Actual Price Bill Date Koha item type Original Barcode
    Dewey Decimal Classification     Non-fiction Smt. Bakul Tambat Institute of Nursing Education Smt. Bakul Tambat Institute of Nursing Education 30/12/2025 Amazon(online) 171-2631319-3695555 184.44 BBX1-497204 1 X 823 MUR B12123 BTIN-BK-12123 06/02/2026 30/01/2026 184.44 17/10/2025 Books BTIN-BK-12123